Non-american metal bands - Statistics

General Stats
  • This quiz has been taken 77 times
  • The average score is 14 of 20
Answer Stats
Hint Answer % Correct
Scorpions Germany
100%
Status Quo United Kingdom
97%
Mayhem Norway
94%
Gojira France
90%
Meshuggah Sweden
89%
NIghtwish Finland
85%
Slaughter to Prevail Russia
85%
Sepultura Brazil
84%
Volbeat Denmark
84%
Strapping Young Lad Canada
81%
Lacuna Coil Italy
77%
Parkway Drive Australia
76%
Behemoth Poland
73%
Maximum the Hormone Japan
66%
Celtic Frost Switzerland
60%
Alien Weaponry New Zealand
56%
The Hu Mongolia
42%
Stoned Jesus Ukraine
39%
Seether South Africa
32%
Bullet For My Valentine Wales
23%
No matching quizzes found
Score Distribution
Percent of People with Each Score
Percentile by Number Answered
Your Score History
You have not taken this quiz